[Event "ACT-ch"]
[Site "Canberra"]
[Date "2002.10.02"]
[Round "9"]
[White "Hunt, Matthew"]
[Black "Nguyen, Quang"]
[Result "0-1"]
[WhiteElo "1564"]
[BlackElo "1464"]
[PlyCount "138"]
[EventDate "2002.08.07"]
[EventType "swiss"]
[EventRounds "11"]
[EventCountry "AUS"]
[SourceTitle "EXT 2006"]
[Source "ChessBase"]
[SourceDate "2005.11.24"]
[SourceVersion "1"]
[SourceVersionDate "2005.11.24"]
[SourceQuality "1"]

1. e4 d6 2. d4 Nf6 3. Bd3 g6 4. Nf3 Bg7 5. c3 0-0 6. Bg5 Nc6 7. Qd2 Bg4 8. Nh4 Re8 9. h3 Bc8 10. 0-0 e5 11. d5 Nb8 12. Qe3 c6 13. c4 Nbd7 14. Nd2 Qb6 15. Rab1 Nc5 16. Bc2 cxd5 17. cxd5 Qc7 18. Rfc1 a5 19. a3 Qb8 20. Bh6 b6 21. b4 axb4 22. Bxg7 Kxg7 23. axb4 Ra4 24. Ra1 Bd7 25. Bxa4 Nxa4 26. Rxa4 Bxa4 27. Qg5 Bd7 28. Qe3 Rc8 29. Rxc8 Qxc8 30. Nhf3 b5 31. Qb6 Ne8 32. Qa7 Nf6 33. Qb6 Ne8 34. Kh2 Qc7 35. Qxc7 Nxc7 36. Nb3 Na6 37. Na5 Kf8 38. Nd2 Nxb4 39. Kg3 f5 40. f3 Ke7 41. Kh4 h6 42. Kg3 Na2 43. Kf2 b4 44. Ke3 fxe4 45. fxe4 Bb5 46. Nb1 Kd7 47. Kd2 Ba4 48. Nc4 Kc7 49. g3 Bb5 50. Ne3 b3 51. Nd1 Bf1 52. h4 Bg2 53. Nf2 Kb6 54. Kd3 Kc5 55. Ng4 h5 56. Nf6 Bf1+ 57. Kd2 Kd4 58. Ne8 Kxe4 59. Nxd6+ Kxd5 60. Nf7 Kd4 61. Nh8 Bd3 62. Na3 b2 63. Nc2+ Ke4 64. Na3 b1Q 65. Nxb1 Bxb1 66. Nxg6 Nb4 67. g4 hxg4 68. h5 Kf5 69. Ke3 Kg5 0-1

[Event "ACT-ch"]
[Site "Canberra"]
[Date "2002.09.11"]
[Round "6"]
[White "Hunt, Matthew"]
[Black "Lattimore, Tor"]
[Result "0-1"]
[WhiteElo "1564"]
[BlackElo "1296"]
[PlyCount "42"]
[EventDate "2002.08.07"]
[EventType "swiss"]
[EventRounds "11"]
[EventCountry "AUS"]
[SourceTitle "EXT 2006"]
[Source "ChessBase"]
[SourceDate "2005.11.24"]
[SourceVersion "1"]
[SourceVersionDate "2005.11.24"]
[SourceQuality "1"]

1. e4 c5 2. c3 e6 3. d4 d5 4. e5 Nc6 5. Nf3 Qb6 6. Bd3 Bd7 7. dxc5 Bxc5 8. 0-0 Qc7 9. Re1 f6 10. exf6 Nxf6 11. Bf5 Qb6 12. Qe2 0-0-0 13. Bxe6 Rhe8 14. Bxd7+ Rxd7 15. Qc2 Rxe1+ 16. Nxe1 Ne4 17. Nd3 Bxf2+ 18. Nxf2 Rf7 19. Qe2 Rxf2 20. Qe3 Re2 21. Qxb6 Re1# 0-1

[Event "ACT-ch"]
[Site "Canberra"]
[Date "2002.08.28"]
[Round "4"]
[White "Hunt, Matthew"]
[Black "Cutting, Luke"]
[Result "1-0"]
[WhiteElo "1564"]
[BlackElo "1501"]
[PlyCount "93"]
[EventDate "2002.08.07"]
[EventType "swiss"]
[EventRounds "11"]
[EventCountry "AUS"]
[SourceTitle "EXT 2006"]
[Source "ChessBase"]
[SourceDate "2005.11.24"]
[SourceVersion "1"]
[SourceVersionDate "2005.11.24"]
[SourceQuality "1"]

1. e4 e5 2. Nf3 Nc6 3. Bb5 a6 4. Ba4 Nf6 5. d3 b5 6. Bb3 Be7 7. c3 0-0 8. Nbd2 d5 9. Qe2 Bg4 10. h3 Bh5 11. Nf1 dxe4 12. dxe4 Na5 13. Bc2 Nd7 14. Ne3 c5 15. 0-0 f6 16. Nf5 Bf7 17. N3h4 Bc4 18. Qg4 g5 19. Rd1 Ra7 20. b3 Bf7 21. Nh6+ Kh8 22. Nxf7+ Rxf7 23. Nf5 Bf8 24. a4 b4 25. cxb4 cxb4 26. Be3 Rb7 27. Rab1 Qb8 28. Bd3 Qa8 29. h4 gxh4 30. Qxh4 Nc6 31. Bc4 Nc5 32. Bxf7 Rxf7 33. Bh6 Ne7 34. Nd6 Bxh6 35. Nxf7+ Kg8 36. Rd8+ Qxd8 37. Nxd8 Bg5 38. Qg4 Ng6 39. Ne6 Nxe6 40. Qxe6+ Kg7 41. Rd1 Nf4 42. Rd7+ Kh6 43. Qg8 Kh5 44. Rxh7+ Kg4 45. Qc8+ Ne6 46. Qxe6+ Kf4 47. Qf5# 1-0

[Event "Doeberl Cup Minor 39th"]
[Site "Canberra"]
[Date "2001.04.16"]
[Round "7.37"]
[White "Hunt, Matthew"]
[Black "Hellmann, Oscar"]
[Result "1/2-1/2"]
[WhiteElo "1306"]
[BlackElo "1581"]
[PlyCount "47"]
[EventDate "2001.04.13"]
[EventType "swiss"]
[EventRounds "7"]
[EventCountry "AUS"]
[SourceTitle "EXT 2002"]
[Source "ChessBase"]
[SourceDate "2001.11.25"]
[SourceVersion "1"]
[SourceVersionDate "2001.11.25"]
[SourceQuality "1"]

1. e4 g6 2. d4 Bg7 3. Nf3 d6 4. Nc3 e6 5. Bd3 Nd7 6. Be3 a6 7. Qd2 Ne7 8. h4 Nf6 9. 0-0-0 Ng4 10. h5 Nxe3 11. Qxe3 Nc6 12. hxg6 fxg6 13. e5 Ne7 14. Rh3 Nf5 15. Bxf5 gxf5 16. Rdh1 h6 17. Nh4 Kf7 18. Qg3 Qg5+ 19. f4 Qxg3 20. Rxg3 Bd7 21. Ne2 Rag8 22. Rc3 Bc6 23. Ng3 Bf8 24. Rh3 1/2-1/2

[Event "Doeberl Cup Minor 39th"]
[Site "Canberra"]
[Date "2001.04.15"]
[Round "5.43"]
[White "Lindberg, Douglas"]
[Black "Hunt, Matthew"]
[Result "0-1"]
[WhiteElo "1520"]
[BlackElo "1306"]
[PlyCount "68"]
[EventDate "2001.04.13"]
[EventType "swiss"]
[EventRounds "7"]
[EventCountry "AUS"]
[SourceTitle "EXT 2002"]
[Source "ChessBase"]
[SourceDate "2001.11.25"]
[SourceVersion "1"]
[SourceVersionDate "2001.11.25"]
[SourceQuality "1"]

1. e4 e6 2. d4 d5 3. Nc3 Bb4 4. e5 c5 5. a3 Bxc3+ 6. bxc3 Qc7 7. f4 cxd4 8. Qxd4 Nc6 9. Bb5 Nge7 10. Nf3 Bd7 11. Bxc6 Nxc6 12. Qd3 Rc8 13. Be3 b6 14. 0-0 Na5 15. Bd4 Nc6 16. Rac1 Nxd4 17. cxd4 Qc4 18. Rfd1 Ba4 19. Rd2 Qxd3 20. Rxd3 h6 21. c3 Kd7 22. Nd2 Rc7 23. g4 Rhc8 24. f5 a5 25. fxe6+ Kxe6 26. Rb1 b5 27. Rc1 b4 28. c4 dxc4 29. d5+ Kxe5 30. Re1+ Kd6 31. Ne4+ Kd7 32. Rde3 c3 33. d6 Rc6 34. Rd3 c2 0-1

[Event "Doeberl Cup Minor 39th"]
[Site "Canberra"]
[Date "2001.04.15"]
[Round "6.39"]
[White "McCoy, Tom"]
[Black "Hunt, Matthew"]
[Result "0-1"]
[WhiteElo "1526"]
[BlackElo "1306"]
[PlyCount "60"]
[EventDate "2001.04.13"]
[EventType "swiss"]
[EventRounds "7"]
[EventCountry "AUS"]
[SourceTitle "EXT 2002"]
[Source "ChessBase"]
[SourceDate "2001.11.25"]
[SourceVersion "1"]
[SourceVersionDate "2001.11.25"]
[SourceQuality "1"]

1. e4 e6 2. d4 d5 3. e5 c5 4. c3 Nc6 5. Nf3 Qb6 6. a3 Nge7 7. b4 cxd4 8. cxd4 Nf5 9. Bb2 Bd7 10. Be2 Rc8 11. g4 Nfe7 12. Nc3 Ng6 13. Qd2 Be7 14. Rc1 Nh4 15. Nxh4 Bxh4 16. Na4 Qd8 17. Nc5 Qg5 18. Nxb7 Bxf2+ 19. Kd1 Be3 20. Qe1 Nxd4 21. Nd6+ Ke7 22. Nxc8+ Rxc8 23. b5 Bxc1 24. Qb4+ Ke8 25. Bxd4 Bf4 26. Bb2 Bxe5 27. h4 Qf4 28. Qb3 Bc7 29. Bxg7 Ba5 30. Qb2 Qa4+ 0-1